000 00234nam a2200097Ia 4500
005 20251222114346.0
008 251222s1900||||xx |||||||||||||| ||spa||
082 _aDVD0092/S25/2006
245 0 _aDetrás del código Da Vinci:
942 _cDVD
999 _c1048
_d1048